Responses for show #8519 - Thursday, November 25, 2021

Amy Schneider game 7.

Contestants

[<< previous game]

Ged Trias, an architect from Rockford, Illinois

Nancy Edelman, a high school English teacher from Teaneck, New Jersey

Amy Schneider, an engineering manager from Oakland, California (whose 6-day cash winnings total $207,800)

[next game >>]

Jeopardy! Round responses

A MATTER OF TRUST
OSCAR'S BEST DIRECTOR
IN THE ROOM
THE WOMEN
"COME" & "GO"
TALKING OF MICHELANGELO
    $200 26
FDR

Ged
    $200 10
Kevin Costner

Ged
    $200 21
a mudroom

Amy
    $200 1
(Ken: Yes, black wool bellbottoms.)

pants

Amy
    $200 17
a comeback

Amy
    $200 15
Florence

Nancy
    $400 27
Stonehenge

Ged
    $400 11
Spielberg

Ged
    $400 22
the Oval Office

Ged
    $400 2
(Nancy: Who is Mary?)
(Ken: Uh, more specifically?)

Mary Magdalene

Nancy
    $400 16
(Nancy: What is a beard?)
...
(Ken: It's gotta have "come" or "go" in it, Nancy.)
(Nancy: Oh, oh.)

goatee

AmyNancy
    $400 7
Lorenzo

Amy
    $600 28
the Sherman Antitrust Act

Amy
    $600 12
Scorsese

Amy
    $600 23
scanners

Amy
    $600 6
(Frida) Kahlo

Ged
    $600 18
come as you are

Amy
    $600 3
the Sistine Chapel (ceiling)

Ged
    $800 29
Micronesia

Amy
    $800 13
(Oliver) Stone

Ged
    $800 24
yacht

Ged
    $800 8
(Nancy: What is Mount Holyoke?)

Smith College

Nancy
Triple Stumper
    $800 19
a go-between

Amy
    $800 4
Bacchus

Amy
    $1000 30
(the) Standard Oil (Trust)

Amy
    $1,000 14
(Ged: Who is Boyle?)

Ang Lee

Ged
    $1000 25
a darkroom

Ged
    $1000 9
(Ged: What is Cleopatra?)
(Ken: More specific?)

Cleopatra's Needle

Ged
    $1000 20
(Ken: Correct, and you did very well in that category.)

comely

Amy
    $1000 5
Pietà

Amy

Scores at the first commercial break (after clue 14):

Amy Nancy Ged
$3,000 -$400 $2,600

Scores at the end of the Jeopardy! Round:

Amy Nancy Ged
$9,200 -$600 $5,400

Double Jeopardy! Round responses

PILGRIMS' PROGRESS
THIS SONG IS ABOUT YOU
THE STATE THAT...
WORLD HISTORY
AUTHORS OF TODAY
4-LETTER BEFORE & AFTER
    $400 11
stream of consciousness

Amy
    $400 21
Heaven

Amy
    $400 16
California

Nancy
    $400 4
Kublai Khan

Ged
    $400 10
the Beat

Nancy
    $400 22
SOSS

Amy
    $800 12
Shiva

Amy
    $800 27
Morrissey

Ged
    $800 17
Alaska

Amy
    $800 1
(Nancy: What is Estonia?)

Lithuania

AmyNancy
    $800 9
(Ken: That's Paul [*] and Justin [*].)

Theroux

Triple Stumper
    $800 23
AOCD

Amy
    $1200 13
a Byronic hero

Amy
    $1200 28
(Ged: Who is Dido?)

Mariah Carey

Ged
Triple Stumper
    $4,000 18
(Ken: It is I-A; you are correct.)

Iowa

Amy
    $4,000 2
Gandhi

Amy
    $1200 8
Vietnam

Amy
    $1200 24
EMTA

Amy
    $1600 14
Lourdes

Amy
    $1600 29
(Ged: Who is Bette Davis?)
...
(Ken: Yes, we needed the song, Ged.)

"Bette Davis Eyes"

AmyGed
    $1600 19
(Ken: Yes, swam all the way from Cuba.)

Florida

Ged
    $1600 3
Chamberlain

Ged
    $1600 7
Malcolm Gladwell

Triple Stumper
    $1600 25
ABTS

Amy
    $2000 15
(Ken: You have run another category.)
[Applause]

Constantine

Amy
    $2000 30
Buddy Holly

Amy
    $2000 20
Illinois

Triple Stumper
    $2000 5
(Amy: Who is... Hudson?)

James Cook

AmyNancy
    $2000 6
(Ken: Couldn't quite think of the name, Nancy. [*].)
(Nancy: I knew it.)

Michael Lewis

Triple Stumper
    $2000 26
(Ken: Correct, and another clean sweep for you.)
[Applause]

RIPO

Amy

Scores at the end of the Double Jeopardy! Round:

Amy Nancy Ged
$34,000 $1,400 $7,000
(lock game)

[wagering suggestions for these scores]

Final Jeopardy! Round responses

FAMOUS DO'S & DON'TS
(Ken: [To Nancy] Jack Weinberg meant that the new student movement wouldn't be linked to the older leftist movements of the past.)
...
(Ken: [To Ged] Just don't. Well, you know, that's not bad advice either, I guess.)
[Laughter]
(Ken: That's what I tell my kids.)
[Laughter]
...
(Ken: [To Amy] Wow! $16,000. Your first $50,000 game gives you a 7-day total of $257,800.)
[Applause]
NancyWhat is, "Don't trust anyone over 30."
$1,399
GedWhat is Dont?
$2,800
AmyWhat is Don't trust trust anyone over 30?
$16,000
"Don't trust anyone over 30"

Final scores:

Amy Nancy Ged
$50,000 $2,799 $4,200
7-day champion: $257,800 3rd place: $1,000 2nd place: $2,000

Game dynamics:

Coryat scores:

Amy Nancy Ged
$28,400 $1,400 $8,000
33 R
(including 2 DDs),
1 W
5 R,
3 W
15 R,
3 W
(including 1 DD)

Combined Coryat: $37,800

The J! Archive is created by fans, for fans. The Jeopardy! game show and all elements thereof, including but not limited to copyright and trademark thereto, are the property of Jeopardy Productions, Inc. and are protected under law. This website is not affiliated with, sponsored by, or operated by Jeopardy Productions, Inc. Join the discussion at JBoard.tv.